LIBRARY & INFORMATION CENTRE, KCAET, TAVANUR

ONLINE PUBLIC ACCESS CATALOGUE (OPAC)

Sasya physiology / (Record no. 6252)

MARC details
000 -LEADER
fixed length control field 00603cam a2200253ua 4500
041 ## - LANGUAGE CODE
Language code of text/sound track or separate title mal
082 ## - DEWEY DECIMAL CLASSIFICATION NUMBER
Classification number 581.1
Item number SCA/SA
100 ## - MAIN ENTRY--AUTHOR NAME
Personal name Scaria, .
245 ## - TITLE STATEMENT
Title Sasya physiology /
250 ## - EDITION STATEMENT
Edition statement 1 /
260 ## - PUBLICATION, DISTRIBUTION, ETC. (IMPRINT)
Place of publication Thiruvananthapuram :
Name of publisher State Instititute of Languages ,
Year of publication 1973.
300 ## - PHYSICAL DESCRIPTION
Number of Pages 419 ; .
942 ## - ADDED ENTRY ELEMENTS (KOHA)
Koha item type Books
Holdings
Withdrawn status Lost status Damaged status Home library Current library Date acquired Full call number Accession Number Koha item type
      KAUAET KAUAET 07/04/2012 581.1 13507 Books
      KAUAET KAUAET 07/04/2012 581.1 13505 Books
      KAUAET KAUAET 07/04/2012 581.1 13506 Books
      KAUAET KAUAET 07/04/2012 581.1 13508 Books
      KAUAET KAUAET 07/04/2012 581.1 13740 Books
      KAUAET KAUAET 07/04/2012 581.1 13741 Books
      KAUAET KAUAET 07/04/2012 581.1 13742 Books
free website counter